000 00504 a2200181 4500
001 066793
003 OSt
005 20211008135259.0
008
082 _a004.35
_bC89P
100 1 _aCuller, David E.
245 1 _aParallel computer architecture
_cby David E. Culler and Anoop Gupta
260 _aNew Delhi
_bElsevier/Academic Press
_c2010
300 _a1025p.
690 _aParallel computers; Computer architecture
700 _aGupta, Anoop
942 _2ddc
_cBK
999 _c793
_d793